Click the Regions of Belarus on a Map - Statistics

General Stats
  • This quiz has been taken 90 times
  • The average score is 5 of 7
Answers on the Map
Answers color-coded by a green-red scale on the quiz's map according to % correct below.
 
Answer Stats
Answer % Correct
Minsk (City)
95%
Minsk region
95%
Grodno region
75%
Gomel region
73%
Vitebsk region
73%
Brest region
70%
Mogilev region
63%
No matching quizzes found
Score Distribution
Percent of People with Each Score
Percentile by Number Answered
Your Score History
You have not taken this quiz